000 00515cam a2200193ua 4500
001 10850
008 190409n ii |||gr||||Z||||||eng
020 _a9789352731725
040 _cMAIN
082 _a330.954
245 _aIndian economy :
_bIts development experience /
_cBy V K Puri and S K Misra .
250 _a35th rev.
260 _aMumbai:
_bHimalaya publishing house,
_c2017.
300 _a776p.
653 _aEconomics
700 _aV K Puri,
_eAuthor.
700 _aS K Misra,
_eAuthor.
942 _cBK
999 _c9808
_d9808